Statistics for Guess The City By Its Concert Hall

Click here to take the quiz!

General Stats

  • This quiz has been taken 27 times
  • The average score is 9 of 16

Answer Stats

Answer% Correct
Sydney Opera House
100%
Carnegie Hall (New York)
89%
Royal Albert Hall (London)
89%
Musikverein (Vienna)
83%
Walt Disney Hall (LA)
78%
Concertgebouw (Amsterdam)
61%
Palais Garnier (Paris)
61%
Elbphilharmonie (Hamburg)
56%
Hungarian State Opera House (Budapest)
56%
National Center for the performing arts (Beijing)
56%
Mariinsky Theatre (St. Petersburg)
44%
Teatro La Fenice (Venice)
44%
Symphony Hall (Boston)
39%
Oslo Opera House
33%
Auditorio de Tenerife (Santa Cruz de Tenerife)
11%
Harpa Music Center (Reykjavik)
11%

Score Distribution

Percentile by Number Answered

Percent of People with Each Score

Your Score History

You have not taken this quiz